| 000 | 00723nam a2200241 a 4500 | ||
|---|---|---|---|
| 999 |
_c1334 _d1334 |
||
| 008 | 191219t2012 xxk||||g |||| 001 0 eng d | ||
| 020 | _a9781107406445 | ||
| 040 |
_aKO _beng |
||
| 041 | 0 | _aeng | |
| 044 | _axxk | ||
| 082 | 0 | 4 |
_223 _a343.0965 _bT1532 |
| 100 | 1 | _aTan, Alan Khee-Jin | |
| 245 | 1 | 0 |
_aVessel-Source Marine Pollution : _bthe law and politics of international regulation / _cAlan Khee-Jin Tan |
| 260 |
_aCambridge : _bCambridge University Press , _c2012. |
||
| 300 |
_axxxv, 416 p. ; _c23 cm |
||
| 504 | _aIncludes Index. | ||
| 650 | 0 |
_aMarine pollution _xLaw and legislation |
|
| 650 | 0 |
_aOil spills _xPrevention |
|
| 650 | 0 |
_aShips _xSafety regulations |
|
| 904 | _aA_BOSE | ||
| 942 | _cBK | ||